| 000 | 00512nam a2200205Ia 4500 | ||
|---|---|---|---|
| 008 | 180523s9999 xx 000 0 und d | ||
| 020 | _a981-254-325-2 | ||
| 050 | _aMAIN QC 21.3 | ||
| 050 | _b.S47 2003 c.3 | ||
| 100 | _aSerway, Raymond A. | ||
| 245 | 0 | _aCollege physics / | |
| 245 | 0 | _cRaymond A. Serway, Jerry S. Faughn. | |
| 250 | _a6th Edition | ||
| 260 | _bThomson Learning, | ||
| 260 | _c2003 | ||
| 300 | _a966 pages : | ||
| 300 | _c25 cm. | ||
| 500 | _aIncludes index. | ||
| 650 | _aPhysics. | ||
| 999 |
_c357513 _d357513 |
||